ՀՀ Գիտությունների ազգային ակադեմիայի հիմնարար գիտական գրադարան  =   Fundamental Scientific Library of NAS RA

Красная книга Армянской ССР : (Record no. 151920)

MARC details
000 -LEADER
fixed length control field 01660nam a2200301 u 4500
001 - CONTROL NUMBER
control field 000401229
003 - CONTROL NUMBER IDENTIFIER
control field AM-YeHGA
005 - DATE AND TIME OF LATEST TRANSACTION
control field 20250618072356.0
008 - FIXED-LENGTH DATA ELEMENTS--GENERAL INFORMATION
fixed length control field 041227s1989 ai r 000 0 rus d
020 ## - INTERNATIONAL STANDARD BOOK NUMBER
International Standard Book Number 5540008146
040 ## - CATALOGING SOURCE
Original cataloging agency AM-YeHGA
041 0# - LANGUAGE CODE
Language code of text/sound track or separate title rus
090 ## - LOCALLY ASSIGNED LC-TYPE CALL NUMBER (OCLC); LOCAL CALL NUMBER (RLIN)
-- 153314
245 00 - TITLE STATEMENT
Title Красная книга Армянской ССР :
Remainder of title Редкие и находящиеся под угрозой исчезновения виды растений /
Statement of responsibility, etc. АН АрмССР, Ин-т ботаники; Сост. Э.Ц. Габриэлян и др.; Отв. ред. В.О. Казарян; Науч. ред. Э.Ц. Габриэлян.
246 35 - VARYING FORM OF TITLE
Title proper/short title Red Data Book of Armenian SSR :
Remainder of title Rade and Endangered Species of Plnts
246 35 - VARYING FORM OF TITLE
Title proper/short title Հայկական ՍՍՀ Կարմիր գիրք :
Remainder of title Հազվադեպ և անհետացման եզրին կանգնած բույսերի տեսակներ
246 34 - VARYING FORM OF TITLE
Title proper/short title Красная книга Армянской ССР :
Remainder of title Растения
260 ## - PUBLICATION, DISTRIBUTION, ETC.
Place of publication, distribution, etc. Ереван :
Name of publisher, distributor, etc. Айастан,
Date of publication, distribution, etc. 1989.
300 ## - PHYSICAL DESCRIPTION
Extent 284 с. :
Other physical details ил., карты ;
Dimensions 27 см.
504 ## - BIBLIOGRAPHY, ETC. NOTE
Bibliography, etc. note Библиогр.: с. 267-270
546 ## - LANGUAGE NOTE
Language note Предисл. парал.: рус., англ., арм.
650 14 - SUBJECT ADDED ENTRY--TOPICAL TERM
Topical term or geographic name entry element Растения
General subdivision Охрана
Geographic subdivision Армянскай ССР
650 14 - SUBJECT ADDED ENTRY--TOPICAL TERM
Topical term or geographic name entry element Охрана окружающей среды
650 14 - SUBJECT ADDED ENTRY--TOPICAL TERM
Topical term or geographic name entry element Ботаника
700 1# - ADDED ENTRY--PERSONAL NAME
Personal name Գաբրիելյան, Էլեոնորա Ցոլակի,
Dates associated with a name 1929-
Relator term сост., науч. ред.
Relationship com
-- edt
9 (RLIN) 1844
700 1# - ADDED ENTRY--PERSONAL NAME
Personal name Ղազարյան, Վահան Հովսեփի,
Dates associated with a name 1918-2002
Relator term ред.
Relationship edt
9 (RLIN) 1910
710 2# - ADDED ENTRY--CORPORATE NAME
Corporate name or jurisdiction name as entry element Институт ботаники АН АрмССР
Holdings
Withdrawn status Lost status Damaged status Not for loan Collection Home library Current library Date acquired Total checkouts Full call number Barcode Date last seen Price effective from Koha item type Public note
        General Fundamental Scientific Library Fundamental Scientific Library 28/12/2016   PIII/58833 FL0412490 28/12/2016 28/12/2016 Գրքեր / Books 30 Days Loan
        General Fundamental Scientific Library Fundamental Scientific Library 28/12/2016   PIII/58834 FL0412491 28/12/2016 28/12/2016 Գրքեր / Books 30 Days Loan


ՀՀ ԳԱԱ հիմնարար գիտական գրադարան
ՀՀ,Երևան 0019
Մարշալ Բաղրամյան 24/6
հեռախոս:(374-10) 52-47-50
Հետադարձ կապ

All site content, except where otherwise noted, is licensed under a
Creative Commons License